[Event "Osijek-Baranja CupT 11th"]
[Site "Nasice"]
[Date "2018.02.17"]
[Round "2.5"]
[White "Fridl, Miroslav"]
[Black "Ronta, Ivan"]
[Result "1-0"]
[WhiteElo "1989"]
[BlackElo "1685"]
[PlyCount "71"]
[EventDate "2018.02.16"]
[EventType "team-swiss"]
[EventRounds "5"]
[EventCountry "CRO"]
[SourceTitle "EXT 2023"]
[Source "ChessBase"]
[SourceDate "2022.10.05"]
[SourceVersion "1"]
[SourceVersionDate "2022.10.05"]
[SourceQuality "1"]
[WhiteTeam "Djurdjenovac SK"]
[BlackTeam "Donji Miholjac"]
[WhiteTeamCountry "CRO"]
[BlackTeamCountry "CRO"]

1. c4 Nf6 2. Nc3 g6 3. g3 Bg7 4. Bg2 0-0 5. e4 d6 6. Nge2 e5 7. 0-0 Nc6 8. d3 a5 9. h3 Nd7 10. Be3 Nc5 11. a3 Ne6 12. Rb1 f5 13. exf5 gxf5 14. Qd2 Qf6 15. Nd5 Qf7 16. f4 exf4 17. Ndxf4 Ncd4 18. Nxd4 Nxd4 19. Kh2 c6 20. b4 a4 21. Bxd4 Bxd4 22. b5 Bd7 23. Bf3 Kh8 24. Ne2 Be5 25. d4 Bf6 26. bxc6 Bxc6 27. d5 Be8 28. Rb6 Be5 29. Rfb1 Rb8 30. Qb4 Qc7 31. Rxb7 Rxb7 32. Qxb7 Qxc4 33. Qe7 Rg8 34. Rb8 Bxg3+ 35. Nxg3 Qf4 36. Qf6+ 1-0

[Event "Bosnjaci op 23rd"]
[Site "Bosnjaci"]
[Date "2018.01.09"]
[Round "9"]
[White "Popovic, Milan S"]
[Black "Fridl, Miroslav"]
[Result "1-0"]
[WhiteElo "2264"]
[BlackElo "1989"]
[PlyCount "116"]
[EventDate "2018.01.03"]
[EventType "swiss"]
[EventRounds "9"]
[EventCountry "CRO"]
[SourceTitle "CBM 182 Extra"]
[Source "ChessBase"]
[SourceDate "2018.02.23"]
[SourceVersion "1"]
[SourceVersionDate "2018.02.23"]
[SourceQuality "1"]

1. e4 c5 2. Nf3 d6 3. d4 cxd4 4. Qxd4 a6 5. h3 Nc6 6. Qe3 g6 7. c4 Bh6 8. Qc3 Qa5 9. Qxa5 Nxa5 10. Bxh6 Nxh6 11. Nc3 Be6 12. b3 f6 13. Nd4 Bd7 14. Nd5 Rc8 15. Be2 Nc6 16. 0-0-0 Nxd4 17. Rxd4 a5 18. Kb2 Nf7 19. Rhd1 h5 20. a3 g5 21. Rh1 Bc6 22. h4 g4 23. Rg1 Ne5 24. f4 gxf3 25. gxf3 Kf7 26. f4 Nd7 27. Nc3 Rcg8 28. Rxg8 Kxg8 29. b4 axb4 30. axb4 b6 31. Rd1 Nf8 32. b5 Bb7 33. e5 dxe5 34. fxe5 fxe5 35. Na4 Rh6 36. Rg1+ Kf7 37. Rg5 Nd7 38. Bxh5+ Kf6 39. Be8 Rxh4 40. Rg6+ Kf5 41. Rg7 Rxc4 42. Bxd7+ Kf6 43. Rg4 e4 44. Nxb6 Rd4 45. Rh4 Ke5 46. Be8 Kd6 47. Kc3 Rd3+ 48. Kb4 Kc7 49. Nc4 Bd5 50. Rh5 Rd4 51. Kc5 Rxc4+ 52. Kxd5 Rb4 53. Re5 Kd8 54. Bc6 Ra4 55. Kc5 Ra1 56. Rxe4 Rd1 57. Rd4+ Rxd4 58. Kxd4 Kc7 1-0

[Event "Bosnjaci op 23rd"]
[Site "Bosnjaci"]
[Date "2018.01.07"]
[Round "7"]
[White "Fridl, Miroslav"]
[Black "Mezak, Damir"]
[Result "1-0"]
[WhiteElo "1989"]
[BlackElo "1738"]
[PlyCount "55"]
[EventDate "2018.01.03"]
[EventType "swiss"]
[EventRounds "9"]
[EventCountry "CRO"]
[SourceTitle "CBM 182 Extra"]
[Source "ChessBase"]
[SourceDate "2018.02.23"]
[SourceVersion "1"]
[SourceVersionDate "2018.02.23"]
[SourceQuality "1"]

1. c4 Nf6 2. Nc3 g6 3. g3 Bg7 4. Bg2 0-0 5. e4 d6 6. Nge2 e5 7. d3 Nc6 8. 0-0 h5 9. Bg5 Qe8 10. Bxf6 Bxf6 11. Nd5 Bd8 12. f4 f5 13. Qd2 Kg7 14. Rae1 Nd4 15. Nxd4 exd4 16. exf5 Qf7 17. fxg6 Qxg6 18. Be4 Bf5 19. Qf2 c5 20. Qf3 h4 21. Bxf5 Qxf5 22. g4 Qf7 23. f5 Bg5 24. Re6 Rg8 25. f6+ Kh8 26. Qf5 Rae8 27. Rxe8 Rxe8 28. Qxg5 1-0

[Event "Bosnjaci op 23rd"]
[Site "Bosnjaci"]
[Date "2018.01.05"]
[Round "4"]
[White "Petrusic, Toni"]
[Black "Fridl, Miroslav"]
[Result "1-0"]
[WhiteElo "2278"]
[BlackElo "1989"]
[PlyCount "99"]
[EventDate "2018.01.03"]
[EventType "swiss"]
[EventRounds "9"]
[EventCountry "CRO"]
[SourceTitle "CBM 182 Extra"]
[Source "ChessBase"]
[SourceDate "2018.02.23"]
[SourceVersion "1"]
[SourceVersionDate "2018.02.23"]
[SourceQuality "1"]

1. e4 c5 2. Ne2 d6 3. g3 Nc6 4. Bg2 Nf6 5. c3 Bg4 6. f3 Bd7 7. d4 e6 8. Be3 Be7 9. 0-0 0-0 10. h3 Qc7 11. f4 cxd4 12. cxd4 d5 13. e5 Ne8 14. f5 Qb6 15. fxe6 fxe6 16. Rxf8+ Bxf8 17. Qd2 Rc8 18. Nbc3 Na5 19. b3 Bb4 20. Rf1 Nc7 21. Qd1 Bb5 22. Nxb5 Nxb5 23. h4 Nc6 24. Qd3 Rf8 25. Bh3 Rxf1+ 26. Kxf1 Nd8 27. Bg5 Nf7 28. Be3 a6 29. Nf4 Nc7 30. Bg4 Be7 31. a4 Qc6 32. Bd1 Nh6 33. Bc2 Nf5 34. Bf2 g6 35. h5 gxh5 36. Nxh5 Qe8 37. g4 Qf7 38. gxf5 Qxh5 39. f6 Bf8 40. Kg2 Qg6+ 41. Qxg6+ hxg6 42. Bxg6 b5 43. Be1 b4 44. Bd2 a5 45. Kf3 Na6 46. Kg4 Nb8 47. Be8 Kh7 48. Kh5 Na6 49. Bg6+ Kg8 50. f7+ 1-0

[Event "Topusko op 2nd"]
[Site "Topusko"]
[Date "2013.08.08"]
[Round "6"]
[White "Fridl, Miroslav"]
[Black "Kolsek, Jan"]
[Result "1-0"]
[WhiteElo "1984"]
[BlackElo "1631"]
[PlyCount "111"]
[EventDate "2013.08.03"]
[EventType "swiss"]
[EventRounds "7"]
[EventCountry "CRO"]
[SourceTitle "CBM 155 Extra"]
[Source "ChessBase"]
[SourceDate "2013.08.26"]
[SourceVersion "1"]
[SourceVersionDate "2013.08.26"]
[SourceQuality "1"]

1. c4 d5 2. cxd5 Qxd5 3. Nc3 Qd6 4. g3 Nf6 5. Bg2 c6 6. Nf3 Bg4 7. 0-0 g6 8. d4 Bg7 9. e4 Qd8 10. Be3 0-0 11. Qb3 Nfd7 12. Rfd1 Qc8 13. Rac1 Nb6 14. a4 Qc7 15. h3 Be6 16. d5 cxd5 17. Nxd5 Bxd5 18. exd5 Qd7 19. a5 Nc8 20. Bf4 Nd6 21. Ne5 Qd8 22. Nc4 Qd7 23. Rc2 Na6 24. Ne5 Qb5 25. Qxb5 Nxb5 26. Bf1 Nac7 27. Rdc1 g5 28. Bxg5 Bxe5 29. Bxe7 Rfe8 30. d6 Nxd6 31. Rxc7 Nf5 32. Rxb7 Rxe7 33. Rb5 Nd6 34. Rd5 Ne8 35. b4 Bc7 36. Bg2 Rb8 37. Rd4 Bd6 38. Rcc4 Re1+ 39. Kh2 Rb1 40. b5 R1xb5 41. Bc6 Bc5 42. Rg4+ Kf8 43. Bxb5 Rxb5 44. Rg5 Rxa5 45. Rcxc5 Ra2 46. Kg2 Nf6 47. Ra5 Rc2 48. Rxa7 Rxf2+ 49. Kg1 Rf3 50. Kg2 Rb3 51. Rf5 Kg7 52. g4 Kg6 53. Ra6 Rb2+ 54. Kf1 Rb1+ 55. Ke2 Rb2+ 56. Kd1 1-0

[Event "Topusko op 2nd"]
[Site "Topusko"]
[Date "2013.08.07"]
[Round "5"]
[White "Amon, Nejc"]
[Black "Fridl, Miroslav"]
[Result "1-0"]
[WhiteElo "1783"]
[BlackElo "1984"]
[PlyCount "135"]
[EventDate "2013.08.03"]
[EventType "swiss"]
[EventRounds "7"]
[EventCountry "CRO"]
[SourceTitle "CBM 155 Extra"]
[Source "ChessBase"]
[SourceDate "2013.08.26"]
[SourceVersion "1"]
[SourceVersionDate "2013.08.26"]
[SourceQuality "1"]

1. e4 c5 2. c3 Nf6 3. e5 Nd5 4. d4 cxd4 5. cxd4 e6 6. Nf3 Nc6 7. Bc4 d6 8. 0-0 Be7 9. Qe2 0-0 10. Qe4 Ndb4 11. exd6 Qxd6 12. a3 Nd5 13. Nc3 Nf6 14. Qd3 a6 15. Rd1 b5 16. Ba2 Rd8 17. Bg5 Bb7 18. Rac1 Rac8 19. Bb1 g6 20. Qe2 Na5 21. Ba2 Nc4 22. Ne5 Nb6 23. Re1 Nfd5 24. Ne4 Qb8 25. Bxe7 Nxe7 26. Nf6+ Kg7 27. Nxf7 Rxc1 28. Rxc1 Rf8 29. Qxe6 Qf4 30. Re1 Qxf6 31. Qxe7 Qxe7 32. Rxe7 Bd5 33. Bxd5 Nxd5 34. Re5 Nf4 35. Ng5 Rc8 36. Rc5 Rd8 37. Nf3 Ne2+ 38. Kf1 Nxd4 39. Nxd4 Rxd4 40. Rc6 Rd2 41. b4 Ra2 42. Rxa6 g5 43. Ra5 Kg6 44. Rxb5 Rxa3 45. g4 Rb3 46. Kg2 h6 47. Rb8 Kg7 48. b5 Kh7 49. b6 Kg7 50. f3 Rb2+ 51. Kg3 Rb3 52. b7 Kh7 53. h4 Kg7 54. hxg5 hxg5 55. Kf2 Kh7 56. Ke2 Kg7 57. Kd2 Kh7 58. Kc2 Rb5 59. Kc3 Kg7 60. Kc4 Rb1 61. Kd5 Rb5+ 62. Ke6 Rb6+ 63. Kd7 Rb3 64. Kd6 Rb2 65. Rc8 Rxb7 66. Rc7+ Rxc7 67. Kxc7 Kf7 68. Kd7 1-0

[Event "Osijek Baranja CupT 5th"]
[Site "Nasice"]
[Date "2012.03.11"]
[Round "5.4"]
[White "Bosnjak, Nino"]
[Black "Fridl, Miroslav"]
[Result "1/2-1/2"]
[WhiteElo "2240"]
[BlackElo "1997"]
[PlyCount "124"]
[EventDate "2012.03.09"]
[EventType "team-swiss"]
[EventRounds "5"]
[EventCountry "CRO"]
[SourceTitle "EXT 2014"]
[Source "ChessBase"]
[SourceDate "2013.11.20"]
[SourceVersion "1"]
[SourceVersionDate "2013.11.20"]
[SourceQuality "1"]

1. d4 d5 2. c4 c6 3. Nf3 Nf6 4. g3 dxc4 5. Bg2 b5 6. Ne5 Bb7 7. a4 Qb6 8. a5 Qa6 9. 0-0 e6 10. e4 Be7 11. f4 0-0 12. g4 c5 13. d5 exd5 14. exd5 Rd8 15. Nc3 b4 16. g5 Ne8 17. Ne2 Nc7 18. Ng3 Bxd5 19. Nf5 Bf8 20. Ne3 Qe6 21. Nxd5 Nxd5 22. Qf3 Na6 23. Nxc4 Nac7 24. f5 Qa6 25. b3 Rac8 26. Bb2 f6 27. gxf6 Nxf6 28. Rae1 Re8 29. Qg3 Rxe1 30. Rxe1 Re8 31. Rxe8 Ncxe8 32. Qb8 Nd6 33. Bxf6 gxf6 34. Bd5+ Kg7 35. Qc7+ Kh6 36. Qxc5 Qc8 37. Qe3+ Kg7 38. Qg3+ Kh6 39. Qe3+ Kg7 40. Qxa7+ Kh8 41. Be6 Qd8 42. Qd4 Be7 43. a6 Nb5 44. Qxd8+ Bxd8 45. Kf1 Kg7 46. Nd6 Na7 47. Nc8 Nxc8 48. Bxc8 Bb6 49. Ke2 Kf8 50. Kd3 Ke7 51. Kc4 Kd8 52. Be6 Kc7 53. Kxb4 Kb8 54. Kb5 Ka7 55. b4 h6 56. Bc4 Bf2 57. Kc6 h5 58. b5 h4 59. Kd5 Bg1 60. Ke6 Bd4 61. Kf7 Kb6 62. Kg6 Ka7 1/2-1/2